| 000 -LEADER | |
|---|---|
| fixed length control field | 00378nam a22001577a 4500 |
| 005 - DATE AND TIME OF LATEST TRANSACTION | |
| control field | 20161022150454.0 |
| 008 - FIXED-LENGTH DATA ELEMENTS--GENERAL INFORMATION | |
| fixed length control field | 161022b xxu||||| |||| 00| 0 eng d |
| 020 ## - INTERNATIONAL STANDARD BOOK NUMBER | |
| ISBN | 0-07-99821-1 |
| 041 ## - LANGUAGE CODE | |
| Language code of text/sound track or separate title | eng |
| 100 ## - MAIN ENTRY--AUTHOR NAME | |
| Personal name | GAUDIN,A.M |
| 245 ## - TITLE STATEMENT | |
| Title | PRINCIPLES OF MINERAL DRESSING |
| 260 ## - PUBLICATION, DISTRIBUTION, ETC. (IMPRINT) | |
| Name of publisher | TATA MCGRAW HILL |
| 300 ## - PHYSICAL DESCRIPTION | |
| Number of Pages | 350 |
| 650 ## - SUBJECT ADDED ENTRY--TOPICAL TERM | |
| Topical Term | MINNING ENGINEERING |
| 942 ## - ADDED ENTRY ELEMENTS (KOHA) | |
| Koha item type | Books |
| Lost status | Damaged status | Collection code | Home library | Current library | Shelving location | Date acquired | Source of acquisition | Cost, normal purchase price | Full call number | Accession Number | Koha item type |
|---|---|---|---|---|---|---|---|---|---|---|---|
| MINING | JRU Library | JRU Library | SHELF-94-D | 22/10/2016 | Purchase | 350.00 | 622.12 | 21351 | Books | ||
| JRU Library | SHELF-6-C | 22/10/2016 | Purchase | 350.00 | 622.12 | 21352 | Books | ||||
| MINING | JRU Library | JRU Library | SHELF-94-D | 22/10/2016 | Purchase | 350.00 | 622.12 | 21353 | Books | ||
| MINING | JRU Library | JRU Library | SHELF-94-D | 22/10/2016 | Purchase | 350.00 | 622.12 | 21354 | Books | ||
| MINING | JRU Library | JRU Library | SHELF-94-D | 22/10/2016 | Purchase | 350.00 | 622.12 | 21355 | Books |